000 00797nam a2200241 i 4500
001 10271
003 ES-MaACL
005 20250525063030.0
007 t|
008 950407s1987 sp ||||1| spa d
020 _a84-505-5284-2
080 _a86-22"19"
080 _a86(Ladrón de Guevara,E.7 C.01)
100 1 _aLadrón de Guevara, Eduardo
_969445
245 1 0 _aCosa de dos /
_cEduardo Ladrón de Guevara.
260 _a[Toledo] :
_bJunta de Comunidades de Castilla-La Mancha, Servicio de Publicaciones,
_c1987.
300 _a57 p. ;
_c21 cm.
490 1 _aCreación literaria ;
_v8
710 1 _aCastilla-La Mancha.
_bJunta de Comunidades.
_92495
830 0 _aCreación literaria ;
_v8
_9178462
852 _aES-MaACL
_jL-17779
_bR.123839
999 _c10271
_d10271